000 00511nam a2200169Ia 4500
003 GCL
008 140319s9999 xx 000 0 aJAPANESSE d
040 _aGCL /
_cGCL
082 0 4 _a495.6
_bك ق
100 1 _aكاواساكى, توراو
245 1 0 _aالقاموس العصرى يابانى - عربى /
_cكاواساكى, توراو
250 _aالاولى
300 _a260 ص ؛
_c27 سم
650 0 4 _aالقواميس
650 0 4 _aالقواميس يابانى - عربى
942 _2ddc
_cBK
999 _c7756
_d7756